000 00437nam a2200169Ia 4500
008 230711s9999||||xx |||||||||||||| ||und||
020 _a978-93-854-0136-7
041 _aENG
082 _a620.112
_bRA-S
100 _aRajput,R.K
245 0 _aStrength of materials : Mechanics of solids
250 _a6th Ed.
260 _c2016
_aNew Delhi
_bS.Chand & Company Ltd
300 _a1450p.
650 _aMechanical Engineering
942 _cBK
999 _c6122
_d6122